000 00360nam a2200133Ia 4500
008 220216s9999 xx 000 0 und d
100 _aEvans Stephen
245 4 _aThe World rubber industry: Review to 2020
260 _bInternational Rubber Journal
_c2011
300 _a72-78
500 _aSource Year: 2011
650 _aWorld rubber industry
942 _cJS
999 _c71165
_d71165